Normal view
MARC view
- Muhammad Hanzla Zahid Muhammad Bilal Hamid Azfar Altaf Haris Saleem
Entry Personal Name
001 - CONTROL NUMBER
- control field: 103958
003 - CONTROL NUMBER IDENTIFIER
- control field: NUST
005 - DATE AND TIME OF LATEST TRANSACTION
- control field: 20221202095738.0
008 - FIXED-LENGTH DATA ELEMENTS
- fixed length control field: 221202|| aca||aabn | a|a d
040 ## - CATALOGING SOURCE
- Original cataloging agency: NUST
- Transcribing agency: NUST
100 ## - HEADING--PERSONAL NAME
- Personal name: Muhammad Hanzla Zahid Muhammad Bilal Hamid Azfar Altaf Haris Saleem
670 ## - SOURCE DATA FOUND
- Source citation: Work cat.: (NUST): Muhammad Hanzla Zahid Muhammad Bilal Hamid Azfar Altaf Haris Saleem, PR-SOF-2198- Lot Based Smart Parking System , 2022.
